000 00378nam a2200157Ia 4500
008 230524s9999 xx 000 0 und d
082 _a604
_bWEN
100 _aSally Wehmeier
245 0 _aOxford Advanced Learners Dictionary
250 _a7TH
260 _aNEWYORK
_bOxford
_c2005
300 _aXII;1888
500 _aQuantity Number: 4
650 _aEnglish
942 _cBK
999 _c19729
_d19729